000 00741nam a22001817a 4500
999 _c60617
_d60617
003 Ge_BSU
005 20230922102519.0
008 230922s2023 ge ||||| |||| 00| 0 geo d
020 _a9789941334894
041 _ageo
080 _a51(02) ხ -25
100 _aხარაზიშვილი, ალექსანდრე
_919875
245 _aმათემატიკის საფუძვლების ზოგიერთი საკითხი:
_b (P&(P=>Q))=>Q /
_cალექსანდრე ხარაზიშვილი.
264 _aთბილისი :
_bუნივერსალი,
_c 2023.
300 _a 257 გვ.;
_b21 სმ.
653 _a მათემატიკა
942 _2udc
_cBK